| 000 | 00970nam a2200289 i 4500 | ||
|---|---|---|---|
| 001 | bg | ||
| 245 | 0 | 0 |
_aSłownik dla firm i instytucji niemiecko-polski, polsko-niemiecki : _b20 000 haseł i zwrotów / _c[zespół aut. Tomasz Sobół et al.]. |
| 260 |
_aPoznań : _b"LektorKlett", _c2004. |
||
| 300 |
_a336 s. ; _c25 cm. |
||
| 490 | 1 | _aPons | |
| 500 | _aNa okł. podtyt.: ekonomia, prawo, handel, zarządzanie. | ||
| 650 | 9 |
_aNauki ekonomiczne _xterminologia |
|
| 650 | 9 |
_aPrawo _xterminologia |
|
| 650 | 9 | _aSłownik niemiecko-polski | |
| 650 | 9 | _aSłownik polsko-niemiecki | |
| 655 | _aSłowniki | ||
| 700 | 1 | _aSOBÓŁ, Tomasz | |
| 830 | _aPons | ||
| 020 | _a8389427605 | ||
| 040 | _cBPK | ||
| 041 | 0 | _apolger | |
| 080 | _a33/34(038)=162.1=112.2 | ||
| 920 | _a83-89427-60-5 | ||
| 942 | _cKS | ||
| 008 | s pl f |000 0 pol | ||
| 999 |
_c45847 _d45847 |
||
| 856 |
_uhttp://koha.tu.koszalin.pl/cgi-bin/koha/opac-detail.pl?biblionumber=45847 _yKatalog online BPK |
||